BPT Leasing je spoľahlivý partner pri podnikaní

Obstaranie väčších technologických investičných komplexov pre výrobnú sféru. Leasing - finančný, operatívny, spätný, dodávateľský, leasing nehnuteľností. Výhody leasingu. Komplexné leasingové služby. Špecializácia leasingovej spoločnosti. Stratégia spoločnosti.

Salvato in:
Dettagli Bibliografici
Natura: Capitolo di libro
Lingua:slovacco
Soggetti:
Tags: Aggiungi Tag
Nessun Tag, puoi essere il primo ad aggiungerne!!

MARC

LEADER 00000naa a2200000 4500
001 r018333
005 20221213100730.8
041 0 |a slo 
044 |a SK 
245 1 0 |a BPT Leasing je spoľahlivý partner pri podnikaní 
520 |a Obstaranie väčších technologických investičných komplexov pre výrobnú sféru. Leasing - finančný, operatívny, spätný, dodávateľský, leasing nehnuteľností. Výhody leasingu. Komplexné leasingové služby. Špecializácia leasingovej spoločnosti. Stratégia spoločnosti. 
610 2 0 |a lízing 
610 2 0 |a BPT Leasing, a.s. Bratislava 
610 2 0 |a Slovensko 
610 2 0 |a lízing finančný 
610 2 0 |a lízing operatívny 
610 2 0 |a lízing spätný